000 00332nam a2200157Ia 4500
003 Ost
005 20260225132553.0
008 260225s9999||||xx |||||||||||||| ||und||
040 _cfsic
041 _afre
082 _a440
100 _aPaul Mus
_eAuteur
245 0 _aLangle de l'Asie /
245 0 _cPaul Mus
942 _cكتاب
999 _c34253
_d34253